00977nam a2200241 a 450000100100000000500170001000800410002702000140006804000250008204100080010710000320011524500560014726000650020330000240026850000720029250000210036450400330038559000750041804900090049395201050050295201110060799900170071800003244620200930065638.0110718s1972 dr 000 0 spa d a674214803 aDO-SdBNPbspacBNPHU17aeng1 aLowenthal, Abraham F94492413athe dominican intervention /cAbraham F. Lowenthal. aCambridge, Massachusetts :bHarvard University Press,c1972. ax, 246 p. ;c22 cm. aIncluye referencia bibliográficas y notas al pie de las páginas aIncluye índice aBibliografía : p.2 219-238 aPerteneció a la biblioteca personal de Juan Isidro Jimenes Grullón aBNPD 0010718PDaPDbPDcCTd2011-07-18iLF1l0o p32446-10r2020-06-25w2020-06-25yLFPDZNo se presta 0010718PDaPDbPDcCTd2011-07-18iLF1l0o p32446-20r2020-06-25te. 2w2020-06-25yLFPDZNo se presta c31937d31937